[Event "6th Gibtelecom Masters"]
[Site "Gibraltar ENG"]
[Date "2008.01.22"]
[Round "1"]
[White "Greet,A"]
[Black "Urbina Perez,J"]
[Result "1-0"]
[WhiteElo "2444"]
[BlackElo "2241"]

1.e4 c5 2.Nf3 d6 3.Bb5+ Bd7 4.Bxd7+ Qxd7 5.c4 Nf6 6.Nc3 g6 7.d4 cxd4 8.Nxd4 Bg7
9.b3 O-O 10.O-O Nc6 11.Bb2 a6 12.Nxc6 Qxc6 13.Nd5 Nxd5 14.exd5 Qc5 15.Bxg7 Kxg7
16.Re1 Rfe8 17.Rc1 Rac8 18.Qd2 b5 19.b4 Qa7 20.c5 Kg8 21.c6 Qc7 22.h4 e6
23.dxe6 Rxe6 24.Rxe6 fxe6 25.a4 d5 26.axb5 axb5 27.Qe2 Qf4 28.Qxe6+ Kg7 29.Qe7+ Kh6
30.Qe3 Qxe3 31.fxe3 Kh5 32.g3 Kg4 33.Kf2 Kf5 34.Kf3 Rc7 35.Rc5 Ke6 36.e4 dxe4+
37.Kxe4 Kd6 38.Kd4 Rxc6 39.Rxc6+ Kxc6 40.Ke5 h6 41.Ke6  1-0

[Event "6th Gibtelecom Masters"]
[Site "Gibraltar ENG"]
[Date "2008.01.22"]
[Round "1"]
[White "Wippermann,T"]
[Black "Nadig,K"]
[Result "1-0"]
[WhiteElo "2435"]
[BlackElo "2208"]

1.e4 c5 2.Nf3 d6 3.Bb5+ Nd7 4.d4 Nf6 5.e5 Qa5+ 6.Nc3 Ne4 7.Bd2 Nxd2 8.Qxd2 a6
9.Bxd7+ Bxd7 10.O-O-O O-O-O 11.d5 e6 12.Ng5 exd5 13.Nxf7 d4 14.Nb1 Qxa2 15.Nxd8 dxe5
16.Qg5 Bd6 17.Nxb7 Kxb7 18.Qxg7 Rd8 19.Rhe1 Ka8 20.Qf6 Bc7 21.Rd3 Qe6 22.Qxe6 Bxe6
23.Ra3 Bd5 24.Rxa6+ Kb7 25.Rh6 Rd7 26.Nd2 Bxg2 27.Nb3 Rf7 28.Nxc5+ Kc8 29.Ne6 Bb8
30.Ng5 Rxf2 31.Rxh7 Rf5 32.h4 Bc7 33.Rf7 Rxf7 34.Nxf7 e4 35.Rg1 Bf3 36.Ng5 Bf4+
37.Kb1 Be3 38.Nxf3 exf3 39.Rf1 f2 40.h5 Kd7 41.h6 Bxh6 42.Rxf2 Ke6 43.Ka2 Kd5
44.Kb3 Be3 45.Rf5+ Ke4 46.Rh5 Bc1 47.Rh1 Be3 48.Kc4 Ke5 49.Rh5+ Ke6 50.Rd5  1-0

[Event "6th Gibtelecom Masters"]
[Site "Gibraltar ENG"]
[Date "2008.01.22"]
[Round "1"]
[White "Karim,I"]
[Black "Berg,E"]
[Result "0-1"]
[WhiteElo "2347"]
[BlackElo "2583"]

1.e4 c5 2.Nf3 d6 3.Bb5+ Bd7 4.Bxd7+ Qxd7 5.O-O Nf6 6.Re1 Nc6 7.c3 e6 8.d4 cxd4
9.cxd4 d5 10.e5 Ne4 11.Nbd2 Nxd2 12.Bxd2 Be7 13.Rc1 O-O 14.Rc3 f6 15.exf6 Rxf6
16.Rce3 Bd6 17.Qe2 Re8 18.Bc3 Bf4 19.Rd3 h6 20.Bd2 Bd6 21.Bc3 Qf7 22.a3 a6
23.b4 Ne7 24.b5 Ng6 25.g3 axb5 26.Bb4 Bxb4 27.axb4 Rf8 28.Kg2 e5 29.dxe5 Nxe5
30.Qxe5 Rxf3 31.Rxf3 Qxf3+ 32.Kg1 Qxf2+ 33.Kh1 d4 34.Qe6+ Kh8 35.Qe2 Qxe2
36.Rxe2 Rd8 37.Kg2 Kg8 38.Kf2 d3 39.Rd2 Kf7 40.Ke3 Ke6 41.Ke4 Rd7 42.h3 g6
43.Kf4 Rd4+ 44.Ke3 Ke5  0-1

[Event "IMB1"]
[Site "Marianske Lazne CZE"]
[Date "2008.01.22"]
[Round "4"]
[White "Lagerman,R"]
[Black "Kozhuharov,S"]
[Result "0-1"]
[WhiteElo "2348"]
[BlackElo "2456"]

1.e4 c5 2.Nf3 d6 3.Bb5+ Nc6 4.O-O Bd7 5.Re1 Nf6 6.c3 a6 7.Bf1 Bg4 8.d4 cxd4
9.cxd4 d5 10.e5 Nd7 11.Nc3 e6 12.Be3 Be7 13.Be2 O-O 14.Nd2 Bxe2 15.Nxe2 Qb6
16.Rb1 Rac8 17.a3 Na5 18.Ng3 Qb5 19.b4 Nc4 20.a4 Qb6 21.Qg4 Nxd2 22.Bxd2 Rc4
23.Bh6 g6 24.Be3 Nxe5 25.dxe5 Qxe3  0-1

[Event "IMB2"]
[Site "Marianske Lazne CZE"]
[Date "2008.01.22"]
[Round "4"]
[White "Arngrimsson,D"]
[Black "Zemerov,V"]
[Result "1-0"]
[WhiteElo "2359"]
[BlackElo "2341"]

1.e4 c5 2.Nf3 d6 3.Bb5+ Bd7 4.Bxd7+ Qxd7 5.O-O Nc6 6.c3 Nf6 7.Qe2 e6 8.d4 cxd4
9.cxd4 d5 10.e5 Ng8 11.Nc3 Nge7 12.Rd1 Nf5 13.g4 Nfe7 14.Bf4 Ng6 15.Bg3 h5
16.h3 hxg4 17.hxg4 a6 18.Kg2 Be7 19.Na4 Qc7 20.Rac1 Qa5 21.Qc2 Rc8 22.a3 b5
23.Nc3 Qb6 24.b4 Kd7 25.Nxd5 exd5 26.Qf5+ Kd8 27.Qxf7 Nf8 28.Qxd5+ Ke8 29.Qe4 Na7
30.d5 Qb7 31.Rxc8+ Nxc8 32.Qd3 Rh6 33.Qf5 g6 34.Qd3 Rh7 35.d6 Ne6 36.Qxg6+ Rf7
37.d7+ Kf8 38.dxc8=Q+ Qxc8 39.Rh1  1-0

[Event "6th Gibtelecom Masters"]
[Site "Gibraltar ENG"]
[Date "2008.01.23"]
[Round "2"]
[White "Astaneh Lopez,A"]
[Black "Molina,Ant"]
[Result "1-0"]
[WhiteElo "2346"]
[BlackElo "2189"]

1.Nf3 d6 2.e4 c5 3.Bb5+ Bd7 4.Bxd7+ Qxd7 5.c4 Nc6 6.O-O g6 7.d4 cxd4 8.Nxd4 Nf6
9.Nc3 Bg7 10.Nde2 O-O 11.f3 Rac8 12.Be3 Ne5 13.b3 a6 14.a4 Nc6 15.Qd2 Qc7
16.Nd5 Nxd5 17.exd5 Bxa1 18.Rxa1 Nd8 19.a5 e5 20.f4 f6 21.Rf1 Qg7 22.f5 Nf7
23.Ng3 Rcd8 24.Ne4 g5 25.Bb6 Rd7 26.g4 Rc8 27.Rf3 Qh8 28.Rh3 Kg7 29.Rh5 Qf8
30.Be3 h6 31.h4 Qd8 32.Kf1 Qc7 33.hxg5 hxg5 34.Bb6 Qb8 35.Rh7+ Kxh7 36.Nxf6+ Kg7
37.Nxd7 Qa8 38.f6+ Kg8 39.Qd3  1-0

[Event "6th Gibtelecom Masters"]
[Site "Gibraltar ENG"]
[Date "2008.01.23"]
[Round "2"]
[White "Sandipan,C"]
[Black "Tate,A"]
[Result "1-0"]
[WhiteElo "2593"]
[BlackElo "2163"]

1.e4 c5 2.Nf3 d6 3.Bb5+ Nd7 4.c3 Nf6 5.Qe2 a6 6.Ba4 b5 7.Bc2 e5 8.d4 Be7
9.O-O O-O 10.a4 Bb7 11.d5 c4 12.Na3 Nc5 13.h3 Bc8 14.Nh2 Rb8 15.f4 Ne8 16.Nf3 f5
17.fxe5 fxe4 18.Nd4 Rxf1+ 19.Qxf1 Bb7 20.Bf4 dxe5 21.Bxe5 Bd6 22.Qf4 Bxd5
23.axb5 Bxe5 24.Qxe5 Qd6 25.Qg5 Ne6 26.Nxe6 Qxe6 27.bxa6 Rxb2 28.a7 e3 29.Re1 Nf6
30.Qf4 Ra2 31.Rxe3 Qa6 32.Qb8+ Kf7 33.Qc7+  1-0

[Event "6th ch-PriFO Men"]
[Site "Kazan RUS"]
[Date "2008.01.23"]
[Round "1"]
[White "Abdullin,R"]
[Black "Abdulyazanov,M"]
[Result "1-0"]
[WhiteElo "2095"]
[BlackElo "2361"]

1.e4 c5 2.Nf3 d6 3.Bb5+ Nc6 4.O-O Bd7 5.Re1 Nf6 6.c3 a6 7.Bf1 Bg4 8.d4 cxd4
9.cxd4 d5 10.exd5 Nxd5 11.Nc3 e6 12.Bc4 Nb6 13.Bb3 Bxf3 14.Qxf3 Be7 15.d5 Nd4
16.Qh5 O-O 17.dxe6 fxe6 18.Bxe6+ Kh8 19.Rd1 Bf6 20.Be3 Qe8 21.Qxe8 Raxe8
22.Bg4 Rd8 23.Ne4 Be5 24.Rac1 g6 25.Rc5 Bg7 26.Rc7 h5 27.Rxg7 hxg4 28.Bxd4 Rxd4
29.Rxd4 Kxg7 30.Nd6 Nd7 31.Nf5+ gxf5 32.Rxd7+ Kg6 33.Rxb7  1-0

[Event "IMB2"]
[Site "Marianske Lazne CZE"]
[Date "2008.01.23"]
[Round "6"]
[White "Paci,C"]
[Black "Jedlicka,A"]
[Result "1-0"]
[WhiteElo "2301"]
[BlackElo "2318"]

1.e4 c5 2.Nf3 d6 3.Bb5+ Bd7 4.Bxd7+ Qxd7 5.O-O Nc6 6.c3 Nf6 7.d4 Nxe4 8.d5 Ne5
9.Re1 Nxf3+ 10.Qxf3 Nf6 11.c4 O-O-O 12.b4 cxb4 13.a3 b3 14.Qxb3 Qc7 15.Nc3 Nd7
16.Nb5 Qa5 17.Be3 a6 18.Na7+ Kc7 19.Rab1 Rb8 20.c5 g6 21.cxd6+ exd6 22.Rbc1+ Nc5
23.Rxc5+ dxc5 24.Bf4+ Kd7 25.Qh3+ f5 26.Qe3 Qxe1+ 27.Qxe1 Re8 28.Qa5 Bd6
29.Bxd6 Kxd6 30.Qb6+ Kxd5 31.Qxb7+ Kd4 32.Qb2+ Kd3 33.Qb3+  1-0

[Event "Winter Open"]
[Site "Belgrade SRB"]
[Date "2008.01.24"]
[Round "3"]
[White "Stamatovic,A"]
[Black "Andrejevic,Mila"]
[Result "1-0"]
[WhiteElo "2199"]
[BlackElo "1984"]

1.e4 c5 2.Nf3 d6 3.Bb5+ Bd7 4.Bxd7+ Qxd7 5.O-O Nc6 6.c3 Nf6 7.Re1 Qg4 8.d4 O-O-O
9.Ng5 Qxd1 10.Rxd1 Rg8 11.Nxf7 Rd7 12.d5 Nd8 13.Nxd8 Kxd8 14.Re1 g5 15.Nd2 e6
16.Nf3 Rdg7 17.dxe6 Ng4 18.e5 dxe5 19.Nxe5 Nxe5 20.Rxe5 Bd6 21.Re4 Ke7 22.Be3 Rg6
23.Re1 Rh6 24.g3 Rhg6 25.b4 Rc8 26.Rd1 b6 27.h4 h6 28.hxg5 hxg5 29.Rd5 Rcg8
30.bxc5 bxc5 31.Bxc5 Bxc5 32.Rxc5 Rxe6 33.Rxe6+ Kxe6 34.Ra5 Rg7 35.Kf1 g4
36.Ke2 Rc7 37.Kd3 Rf7 38.Ke2 Rc7 39.c4 Rxc4 40.Rxa7 Kf5 41.a4 Ke4 42.Rf7 Rc2+
43.Kf1 Kd3 44.Rf4 Rc5 45.Rxg4 Ra5 46.Rf4 Rh5 47.Kg2 Ke2 48.g4 Ra5 49.Kg3 Kf1
50.Kh4 Ra8 51.g5 Rh8+ 52.Kg4  1-0

[Event "6th ch-PriFO Men"]
[Site "Kazan RUS"]
[Date "2008.01.24"]
[Round "2"]
[White "Konovalov,Vi"]
[Black "Sokolov,Sergei"]
[Result "0-1"]
[WhiteElo "2071"]
[BlackElo "2356"]

1.e4 c5 2.Nf3 d6 3.Bb5+ Bd7 4.Bxd7+ Qxd7 5.O-O Nc6 6.c4 g6 7.d4 cxd4 8.Nxd4 Bg7
9.Be3 Nf6 10.f3 O-O 11.Nc3 Rfc8 12.b3 Qd8 13.Rc1 a6 14.Nd5 Nxd5 15.exd5 Nxd4
16.Bxd4 b5 17.Bxg7 Kxg7 18.Qd4+ Kg8 19.Rfe1 bxc4 20.Rxc4 Rxc4 21.Qxc4 Qb6+
22.Kf1 Ra7 23.Rc1 a5 24.Rc3 Qb4 25.Qd3 Qf4 26.Rc4 Qe5 27.Kf2 Rb7 28.f4 Qa1
29.Qc2 Rb5 30.Qd2 h5 31.Rc3 Rb4 32.Rc8+ Kg7 33.Rc1 Rd4 34.Ke3 Rxd2 35.Rxa1 Rxg2
36.h4 Rh2 37.Kd4 Rxh4 38.Rf1 Rh2 39.a4 Kf6 40.Kc3 Ra2 41.Rc1 Rf2 42.b4 Rf3+
43.Kc2 Rxf4 44.Rb1 Rxb4 45.Rxb4 axb4  0-1

[Event "6th Gibtelecom Masters"]
[Site "Gibraltar ENG"]
[Date "2008.01.25"]
[Round "4"]
[White "Sandipan,C"]
[Black "Zhao Zong Yuan"]
[Result "1/2-1/2"]
[WhiteElo "2593"]
[BlackElo "2487"]

1.e4 c5 2.Nf3 d6 3.Bb5+ Nc6 4.O-O Bd7 5.Re1 Nf6 6.c3 a6 7.Bf1 Bg4 8.d3 e6
9.Nbd2 Be7 10.h3 Bh5 11.g4 Bg6 12.Nh4 d5 13.Nxg6 hxg6 14.e5 Nd7 15.Nf3 O-O
16.Bf4 b5 17.Bg2 a5 18.h4 a4 19.Qd2 c4 20.d4 a3 21.Bg5 axb2 22.Qxb2 b4 23.Reb1 Rb8
24.Bxe7 Qxe7 25.Ng5 Rb6 26.cxb4 Rxb4 27.Qc3 Nb6 28.Rxb4 Qxb4 29.Qh3 Qd2 30.Nf3 Qb2
31.Re1 Nxd4 32.h5 Nxf3+ 33.Qxf3 c3 34.Qf4 c2 35.Bf1 Qc3 36.Rc1 Nd7 37.Qe3 Qxe3
38.fxe3 Rc8 39.hxg6 fxg6 40.Bd3 Nxe5 41.Rxc2 Rxc2 42.Bxc2 Kf7 43.g5 Nf3+
44.Kf2 Nxg5 45.a4 Ke7 46.a5 e5 47.Bb3 Kd6 48.a6 Ne6 49.a7 Nc7 50.Kf3 Kc6
51.Kg4 Kb7 52.Kg5 Kxa7 53.Kxg6 Kb6 54.Kf5 e4 55.Ke5 Kc5 56.Ba2 g5 57.Bb3 g4
58.Kf4 Kb4 59.Bd1 Kc5 60.Bxg4 Nb5 61.Be2 Nc3 62.Bf1 Nb1 63.Bh3 Nd2 64.Bf5 Kc4
65.Bg6 Kd3 66.Ke5  1/2-1/2

[Event "6th Gibtelecom Masters"]
[Site "Gibraltar ENG"]
[Date "2008.01.25"]
[Round "4"]
[White "Van Kemenade,R"]
[Black "Tate,A"]
[Result "0-1"]
[WhiteElo "2029"]
[BlackElo "2163"]

1.e4 c5 2.Nf3 d6 3.Bb5+ Nd7 4.c3 Nf6 5.Qe2 a6 6.Ba4 b5 7.Bc2 e5 8.d4 Be7
9.O-O O-O 10.h3 Re8 11.d5 Nf8 12.Rd1 Ng6 13.a4 Bd7 14.axb5 axb5 15.Rxa8 Qxa8
16.Na3 Rb8 17.Bd2 Nh5 18.Qf1 Nhf4 19.Ra1 Qb7 20.Kh2 Ra8 21.Re1 h5 22.h4 c4
23.Ng1 Nxh4 24.g3 Bh3 25.Nxh3 Nf3+ 26.Kh1 Nxd2 27.gxf4 Nxf1 28.Rxf1 exf4
29.Nxf4 Qd7 30.Rg1 Bf6 31.Nxh5 Qh3+  0-1

[Event "6th ch-PriFO Men"]
[Site "Kazan RUS"]
[Date "2008.01.25"]
[Round "3"]
[White "Khayrullin,D"]
[Black "Khismatullin,D"]
[Result "0-1"]
[WhiteElo "2382"]
[BlackElo "2564"]

1.e4 c5 2.Nf3 d6 3.Bb5+ Nc6 4.c3 Nf6 5.Qe2 Bg4 6.h3 Bh5 7.d4 cxd4 8.cxd4 a6
9.Bxc6+ bxc6 10.Nc3 e6 11.Bg5 Be7 12.O-O O-O 13.e5 Nd5 14.Bxe7 Nxc3 15.Qc2 Qxe7
16.Qxc3 Rac8 17.Rac1 Rfd8 18.Qa3 Qc7 19.Rfe1 a5 20.Rc4 d5 21.Rc5 Qb6 22.Qxa5 Qxb2
23.Qd2 Qxd2 24.Nxd2 Ra8 25.Ra1 Rdb8 26.Rxc6 g5 27.a4 Rb4 28.a5 Rxd4 29.Nb3 Rb4
30.Nc5 Rc4 31.Ra6 Rxa6 32.Nxa6 d4 33.Ra3 Be2 34.f3 Rc1+  0-1

[Event "6th Gibtelecom Masters"]
[Site "Gibraltar ENG"]
[Date "2008.01.26"]
[Round "5"]
[White "Urbina Perez,J"]
[Black "Papadopoulos,I"]
[Result "1/2-1/2"]
[WhiteElo "2241"]
[BlackElo "2444"]

1.e4 c5 2.Nf3 d6 3.Bb5+ Nc6 4.O-O Bg4 5.c3 a6 6.Bxc6+ bxc6 7.d4 cxd4 8.cxd4 Nf6
9.Re1 e6 10.Nbd2 Be7 11.Qa4 Qc7 12.e5 Nd5 13.exd6 Bxd6 14.Ne5 Bxe5 15.dxe5 Bf5
16.Qa3 Qe7 17.Qxe7+ Kxe7 18.b3 Kd7 19.Nc4 a5 20.Ne3 Bg6 21.Nxd5 exd5 22.Be3 Rhb8
23.Bc5 Rb5 24.Rac1 Ke6 25.Bd4 Ra6 26.Bc5 Rb7 27.f4 Be4 28.Re3 f6 29.exf6 gxf6
30.Kf2 Kf5 31.g3 h5 32.h4 Rb5 33.Rec3 a4 34.b4 a3 35.Ke3 Ra8 36.Kd4 Kg4 37.Re1 Ra4
38.Ree3 Rbxb4+ 39.Bxb4 Rxb4+ 40.Kc5 Rb2 41.Rxa3 f5 42.Rec3 Rd2 43.Ra4 Bf3
44.Raa3 Be4 45.Ra4 Bf3 46.Raa3  1/2-1/2

[Event "ch-Kyiv Men"]
[Site "Kyiv UKR"]
[Date "2008.01.26"]
[Round "6"]
[White "Goncharov,O"]
[Black "Zsiltzova Lisenko,L"]
[Result "1/2-1/2"]
[WhiteElo "2240"]
[BlackElo "2294"]

1.e4 c5 2.Nf3 d6 3.Bb5+ Bd7 4.Bxd7+ Qxd7 5.c4 Nc6 6.d4 cxd4 7.Nxd4 g6 8.Nc3 Bg7
9.Be3 Nf6 10.f3 O-O 11.O-O Rfc8 12.b3 Qd8 13.Rc1 Qa5 14.Qd2 a6 15.Rfd1 Nxd4
16.Bxd4 Rc6 17.Qb2 Qg5 18.Re1 Re8 19.Rcd1 Nh5 20.Bxg7 Nxg7 21.Nd5 Ne6 22.e5 dxe5
23.Rxe5 Qh6 24.Qa3 Qf8 25.Qb4 Nc5 26.Qe1 Ne6 27.Qb4 Nc5 28.Qe1 Ne6 29.Qb4  1/2-1/2

[Event "Open"]
[Site "Marianske Lazne CZE"]
[Date "2008.01.26"]
[Round "9"]
[White "Neoral,A"]
[Black "Bae,T"]
[Result "1/2-1/2"]
[WhiteElo "2142"]
[BlackElo "2386"]

1.e4 c5 2.Nf3 d6 3.Bb5+ Nd7 4.O-O a6 5.Bxd7+ Bxd7 6.h3 e6 7.d3 Ne7 8.b3 Ng6
9.Bb2 Nf4 10.Nc3 Be7 11.Ne2 Nxe2+ 12.Qxe2 O-O 13.c4 Bc6 14.Nh2 Qd7 15.Rae1 Rae8
16.f4 f5 17.exf5 exf5 18.Qf2 Bf6 19.Bxf6 Rxf6 20.Nf3 b6 21.Rxe8+ Qxe8 22.Re1 Re6
23.Rxe6 Qxe6 24.Qe1 Qxe1+ 25.Nxe1 Kf7 26.Kf2 Kf6 27.g3 h6 28.Nc2 b5 29.Ne3 Ke6
30.h4 d5 31.cxd5+ Bxd5 32.Ke2 g6 33.Kd2 Bf3 34.Kc2 Kd6 35.Kc3 h5 36.Kc2 Bc6
37.Kc3 Be8 38.Kc2 Bf7 39.Kc3 Kc6 40.Kc2 Kb6 41.Kc3 a5 42.Kb2 Be6 43.a3 Kc6
44.Kc2 Kd6 45.Kb2 Bc8 46.Kc2 Be6 47.Kb2 Kc6 48.Kc2 Kd6 49.Kb2 Bd7 50.Kc2 Be6  1/2-1/2

[Event "GMA2"]
[Site "Marianske Lazne CZE"]
[Date "2008.01.27"]
[Round "11"]
[White "Meister,Y"]
[Black "Hedman,E"]
[Result "1/2-1/2"]
[WhiteElo "2491"]
[BlackElo "2396"]

1.e4 c5 2.Nf3 d6 3.Bb5+ Bd7 4.Bxd7+ Qxd7 5.O-O Nc6 6.b3 g6 7.Bb2 e5 8.c3 Bg7
9.d4 exd4 10.cxd4 Nge7 11.Na3 O-O 12.Nc4 cxd4 13.Nxd4 d5 14.Nxc6 Qxc6 15.Bxg7 Kxg7
16.Qd4+ Qf6 17.e5 Qe6 18.Nd6 Nc6 19.Qa4 Nxe5 20.Nxb7 Qb6 21.Na5 Rac8 22.Rad1 Rfd8
23.Qd4 f6 24.b4 Qxd4 25.Rxd4 Nc6 26.Nxc6 Rxc6 27.a4 Kf7 28.Rfd1 a6 29.g4 g5
30.Kg2 Rc3 31.h3 Ke6 32.Re1+ Kf7 33.Re3 Rc4 34.Rxc4 dxc4 35.Rc3 Rd4 36.Kf3 Ke6
37.Ke2 Kd5 38.f3 h5 39.gxh5 Rh4 40.Rc1 Kd4 41.Rd1+ Kc3 42.b5 axb5 43.axb5 Rxh5
44.b6 Rh7 45.Rc1+ Kd4 46.Rb1 Rxh3 47.Rd1+ Kc5 48.Rb1 Rh8 49.b7 Rb8 50.f4 gxf4
51.Kf3 c3 52.Kxf4 Kc4 53.Rb6 c2 54.Rc6+ Kd3 55.Rd6+ Kc3 56.Rc6+ Kd2 57.Rd6+ Kc1
58.Rb6 Kd2 59.Rd6+ Ke2 60.Rc6  1/2-1/2

[Event "GMA2"]
[Site "Marianske Lazne CZE"]
[Date "2008.01.27"]
[Round "11"]
[White "Kristjansson,St"]
[Black "Simacek,P"]
[Result "1/2-1/2"]
[WhiteElo "2476"]
[BlackElo "2463"]

1.e4 c5 2.Nf3 d6 3.Bb5+ Bd7 4.Bxd7+ Qxd7 5.O-O Nc6 6.c3 d5 7.exd5 Qxd5 8.d4 e6
9.Be3 cxd4 10.cxd4 Nf6 11.Nc3 Qd6 12.Bg5 Nd5 13.Re1  1/2-1/2

[Event "Winter Open"]
[Site "Belgrade SRB"]
[Date "2008.01.28"]
[Round "7"]
[White "Stamatovic,A"]
[Black "Bulatovic,I"]
[Result "0-1"]
[WhiteElo "2199"]
[BlackElo "1846"]

1.e4 c5 2.Nf3 d6 3.Bb5+ Nc6 4.Bxc6+ bxc6 5.O-O e5 6.c3 Nf6 7.Re1 Be7 8.d4 cxd4
9.cxd4 exd4 10.e5 dxe5 11.Nxe5 Qc7 12.Bf4 Qb7 13.Qa4 Bd7 14.Nc4 Be6 15.Nd6+ Bxd6
16.Bxd6 Rd8 17.Qa3 Qd7 18.Bc5 Nd5 19.Nd2 f6 20.Nf3 Kf7 21.Nxd4 Rhe8 22.Rad1 Rc8
23.h3 Rc7 24.Qf3 g6 25.Qg3 Rb7 26.Re2 Bf5 27.Rxe8 Qxe8 28.Nxf5 gxf5 29.Qf3 Kg6
30.Qg3+ Kf7 31.Qh4 Kg7 32.Rd3 Qe1+ 33.Kh2 Qe5+ 34.Rg3+ Kh8 35.Qh6 Rf7 36.Bf8 Qc7
37.Kh1 a6 38.b4 Qd7 39.a4 Qc7 40.b5 axb5 41.axb5 cxb5 42.Rd3 Nf4 43.Rd1 Ng6
44.Bd6 Qd8 45.h4 Rd7 46.h5 Ne5 47.Qd2 Nc4 48.Qb4 Rxd6 49.Rxd6 Nxd6 50.Qc5 Qd7
51.h6 Kg8 52.Qd5+ Kf8 53.Qd4 Qe7 54.Qb6 Kf7  0-1

[Event "6th Gibtelecom Masters"]
[Site "Gibraltar ENG"]
[Date "2008.01.28"]
[Round "7"]
[White "Greet,A"]
[Black "Jaime Montalvan,L"]
[Result "1-0"]
[WhiteElo "2444"]
[BlackElo "2170"]

1.e4 c5 2.Nf3 d6 3.Bb5+ Nc6 4.O-O Bd7 5.Re1 Qb6 6.Nc3 e6 7.Bxc6 bxc6 8.e5 d5
9.d3 Ne7 10.Na4 Qb5 11.b3 Nc8 12.c4 Qa5 13.Bd2 Qa6 14.Be3 d4 15.Bf4 Nb6 16.Nb2 Qb7
17.Ng5 Be7 18.Qh5 Bxg5 19.Bxg5 a5 20.Rab1 Qc7 21.a4 Nc8 22.Nd1 Rb8 23.Bc1 Ne7
24.Qg5 Ng6 25.Ba3 Qa7 26.h4 h6 27.Qg3 O-O 28.f3 Ne7 29.Nf2 Nf5 30.Qf4  1-0

[Event "6th Gibtelecom Masters"]
[Site "Gibraltar ENG"]
[Date "2008.01.28"]
[Round "7"]
[White "Jaksland,T"]
[Black "Obers,F"]
[Result "1/2-1/2"]
[WhiteElo "2294"]
[BlackElo "2094"]

1.e4 c5 2.Nf3 d6 3.Bb5+ Bd7 4.Bxd7+ Qxd7 5.c4 Nf6 6.Nc3 g6 7.d4 cxd4 8.Nxd4 Bg7
9.f3 O-O 10.Be3 Rc8 11.b3 a6 12.a4 e6 13.Rc1 Nc6 14.O-O d5 15.exd5 exd5 16.c5 Re8
17.Bf2 Bh6 18.Rb1 Nb4 19.Nde2 Qf5 20.Bd4 Nd7 21.f4 Rac8 22.Qd2 Nxc5 23.Bxc5 Rxc5
24.Qd4 Qc8 25.Qxb4 Bg7 26.Rbc1 a5 27.Qb6 Bxc3 28.Rxc3 Rxc3 29.Nxc3 Qxc3 30.Qxb7 Qe3+
31.Kh1 Qf2 32.Qa6 Qd2 33.h3 Re2 34.Qc8+ Kg7 35.Qg4 d4 36.f5 Rf2 37.Rd1 Qf4
38.Qxf4 Rxf4  1/2-1/2

[Event "6th Gibtelecom Masters"]
[Site "Gibraltar ENG"]
[Date "2008.01.28"]
[Round "7"]
[White "Socko,M"]
[Black "Forsaa,E"]
[Result "1/2-1/2"]
[WhiteElo "2479"]
[BlackElo "2285"]

1.e4 c5 2.Nf3 d6 3.Bb5+ Nd7 4.d4 Nf6 5.e5 Qa5+ 6.Nc3 Ne4 7.a4 Nxc3 8.bxc3 a6
9.Bxd7+ Bxd7 10.O-O Bg4 11.exd6 O-O-O 12.Qd3 exd6 13.Ng5 Qc7 14.f3 Bh5 15.Qf5+ Qd7
16.Qxd7+ Rxd7 17.Bf4 Bg6 18.Rfe1 Be7 19.Ne4 f5 20.Ng3 Bh4 21.dxc5 Bxg3 22.hxg3 dxc5
23.Re5 b6 24.Rb1 Kb7 25.Re6 b5 26.axb5 a5 27.Ra6 Ra8 28.Rxa8 Kxa8 29.Be3 f4
30.gxf4 Bxc2 31.Rb2 Bd3 32.Bxc5 Rd5 33.Bd4 g6 34.b6 Kb7 35.Ra2 Bc4 36.Ra1 Bb3
37.Re1 Rd7 38.Re5 Ka6 39.Re8 Kb7 40.Re5 Ka6 41.Kf2 a4 42.Bc5 Kb5 43.Ke3 Bd5
44.Re7 Rxe7+ 45.Bxe7 Kxb6 46.Kd4 Kc6 47.Ke5 Bc4 48.Kf6 Bf1 49.g3 Be2 50.Kg7 Bxf3
51.Kxh7 Be4 52.Kg7 Kd5 53.Kf6 Kc4 54.Bb4 a3 55.Bxa3 Kxc3 56.g4 Kc4 57.Ke5 Bb1
58.Bc1 Bc2  1/2-1/2

[Event "6th Gibtelecom Masters"]
[Site "Gibraltar ENG"]
[Date "2008.01.29"]
[Round "8"]
[White "Zhu Chen"]
[Black "Molina,Ant"]
[Result "1-0"]
[WhiteElo "2548"]
[BlackElo "2189"]

1.e4 c5 2.Nf3 d6 3.Bb5+ Bd7 4.Bxd7+ Qxd7 5.c4 Nc6 6.Nc3 g6 7.d4 cxd4 8.Nxd4 Bg7
9.Nde2 Nf6 10.O-O O-O 11.f3 a6 12.a4 e6 13.Bg5 Qc7 14.Kh1 Nd7 15.Rb1 Rac8
16.b3 Rfe8 17.Qd2 Na5 18.Rfc1 Nc5 19.Qd1 Nd7 20.h3 Nc6 21.Qd2 Na5 22.Na2 Nc5
23.Qd1 Nd7 24.Bh4 Bh6 25.Rc3 Bg7 26.Rd3 Nc5 27.Rd2 Naxb3 28.Rxb3 Nxb3 29.Qxb3 Qxc4
30.Qxb7 Qxa4 31.Bg3 Bh6 32.Rb2 Qd1+ 33.Kh2 Bg7 34.e5 dxe5 35.Nac3 Qd3 36.Ne4 Rf8
37.Bh4 Qd5 38.Qe7 h6 39.Rd2 Qc6 40.Nf6+ Bxf6 41.Qxf6 Qb5 42.Bg3 Rc5 43.Nc3 Qb8
44.Ne4 Ra5 45.Rd7 Qc8 46.Rd6  1-0

[Event "6th Gibtelecom Masters"]
[Site "Gibraltar ENG"]
[Date "2008.01.29"]
[Round "8"]
[White "Van Kemenade,R"]
[Black "Skage,O"]
[Result "0-1"]
[WhiteElo "2029"]
[BlackElo "1919"]

1.e4 c5 2.Nf3 d6 3.Bb5+ Bd7 4.Bxd7+ Qxd7 5.O-O Nf6 6.e5 dxe5 7.Nxe5 Qc8 8.Qf3 e6
9.Na3 Be7 10.d3 O-O 11.Nac4 Nbd7 12.a4 Nxe5 13.Nxe5 Nd7 14.Nc4 Bf6 15.Bf4 Nb6
16.Ne5 Nd5 17.Bg3 b6 18.c3 Rd8 19.Nc4 Qc6 20.Be5 Ne7 21.Qxc6 Nxc6 22.Bxf6 gxf6
23.Rfd1 Rd7 24.Kf1 Rad8 25.Ke2 Ne5 26.Nxe5 fxe5 27.b3 f5 28.f3 Kf7 29.g3 Kf6
30.Ke3 h5 31.Rd2 f4+ 32.Ke2 Rg8 33.Kf2 Rgd8 34.Rad1 Rd5 35.Ke2 a6 36.gxf4 exf4
37.d4 cxd4 38.Rxd4 Rxd4 39.Rxd4 Rxd4 40.cxd4 Kg5 41.Kd3 Kf5 42.h4 b5 43.a5 e5
44.b4 e4+ 45.fxe4+ Kg4 46.d5 f3 47.Ke3 Kg3 48.d6 f2 49.d7 f1=Q  0-1

[Event "6th ch-PriFO Men"]
[Site "Kazan RUS"]
[Date "2008.01.29"]
[Round "7"]
[White "Abdullin,R"]
[Black "Amirkhanov,Ro"]
[Result "1-0"]
[WhiteElo "2095"]
[BlackElo "2291"]

1.e4 c5 2.Nf3 d6 3.Bb5+ Nd7 4.d4 Nf6 5.Nc3 a6 6.Bxd7+ Nxd7 7.O-O e6 8.dxc5 Nxc5
9.Bf4 b5 10.b4 Nb7 11.Qd3 Bd7 12.a4 bxa4 13.Nxa4 a5 14.Be3 axb4 15.Nb6 Rb8
16.Rfd1 Bc6 17.Qc4 Qc7 18.Ra7 Be7 19.Nd4 Qxb6 20.Nxe6 Nc5 21.Nxg7+ Kf8 22.Rxe7 Kxe7
23.Nf5+ Kd8 24.Bxc5 Qb5 25.Qxf7 Bd7 26.Qf6+ Kc7 27.Bxd6+ Kb7 28.Bxb8 Bxf5
29.Qxh8  1-0

[Event "6th ch-PriFO Men"]
[Site "Kazan RUS"]
[Date "2008.01.29"]
[Round "7"]
[White "Mokshanov,A"]
[Black "Abdulyazanov,M"]
[Result "1-0"]
[WhiteElo "2135"]
[BlackElo "2361"]

1.e4 c5 2.Nf3 d6 3.Bb5+ Nc6 4.Bxc6+ bxc6 5.h3 e5 6.d3 Ne7 7.O-O g6 8.c3 Bg7
9.d4 cxd4 10.cxd4 O-O 11.Nc3 Rb8 12.dxe5 dxe5 13.b3 Ba6 14.Re1 Qc7 15.Qc2 Rfd8
16.Ba3 Bd3 17.Qc1 Nc8 18.Nd5 Qa5 19.Ne7+ Nxe7 20.Bxe7 Rd7 21.Qa3 Qc7 22.Bc5 Bh6
23.Qb2 f6 24.Qc3 Rbd8 25.Rad1 Qb7 26.Be7 Rxe7 27.Rxd3 Rxd3 28.Qxd3 Rd7 29.Qc2 Kf7
30.Rd1 Bf8 31.Rxd7+ Qxd7 32.Qd2 Ke8 33.Kf1 Qb7 34.Qd3 Qb5 35.Ke2 Qa5 36.a4 Qb4
37.Nd2 Bc5 38.Nc4 Ke7 39.Qc2 h5 40.Qd3 Bb6 41.Qg3 Kf7 42.Qd3 Ke7 43.Qg3 Kf7
44.Qd3 Bd4 45.Qc2 Qc5 46.Kf1 Ke6 47.Qe2 Qb4 48.Qf3 Qf8 49.Qe2 Qh6 50.Qc2 Qf4
51.Na5 c5 52.Nb7 Kf7 53.Nxc5 Bxc5 54.Qxc5 Qxe4 55.Qxa7+ Kg8 56.Qb8+ Kg7 57.Qc7+ Kh6
58.Qc3 g5 59.Kg1 h4 60.a5 Qb1+ 61.Kh2 Qa2 62.Qc5 Qxb3 63.a6 Qa2 64.a7 Kg6
65.Qe3 Kg7 66.Qb6 Kg6 67.Qb7 Qxf2 68.Qe4+ f5 69.Qc6+ Kg7 70.Qb7+ Kg6 71.Qa6+ Kg7
72.Qa1  1-0

[Event "6th ch-PriFO Men"]
[Site "Kazan RUS"]
[Date "2008.01.30"]
[Round "8"]
[White "Ayupov,D"]
[Black "Abdullin,R"]
[Result "1/2-1/2"]
[WhiteElo "2373"]
[BlackElo "2095"]

1.e4 c5 2.Nf3 d6 3.Bb5+ Bd7 4.Bxd7+ Qxd7 5.O-O Nc6 6.c4 g6 7.Nc3 Bg7 8.d3 e6
9.Be3 Nge7 10.d4 cxd4 11.Nxd4 O-O 12.Rc1 Rfd8 13.Nb3 Ne5 14.Qe2 Qc6 15.Nd2 a6
16.f4 Nd7 17.Nf3 Rac8 18.b3 Bxc3 19.Rxc3 Qxe4 20.Ng5 Qf5 21.g4 Qa5  1/2-1/2

[Event "6th ch-PriFO Men"]
[Site "Kazan RUS"]
[Date "2008.01.31"]
[Round "9"]
[White "Abdullin,R"]
[Black "Mustakayev,A"]
[Result "0-1"]
[WhiteElo "2095"]
[BlackElo "2326"]

1.e4 c5 2.Nf3 d6 3.Bb5+ Bd7 4.Bxd7+ Nxd7 5.O-O Ngf6 6.Re1 e6 7.c3 Be7 8.d4 cxd4
9.cxd4 d5 10.exd5 Nxd5 11.Nc3 N7b6 12.Nxd5 Nxd5 13.Qa4+ Qd7 14.Qxd7+ Kxd7
15.Ne5+ Ke8 16.Bd2 f6 17.Nd3 Kf7 18.Rac1 Rac8 19.Rxc8 Rxc8 20.Rc1 Rd8 21.Kf1 h5
22.Ke2 g5 23.Nc5 b6 24.Ne4 Bd6 25.Rc6 Bf4 26.g3 Bb8 27.a4 Ke7 28.a5 Kd7 29.Rc4 g4
30.axb6 axb6 31.f3 f5 32.Nc3 Rh8 33.Nxd5 exd5 34.Rc3 h4 35.fxg4 hxg3 36.hxg3 Rh2+
37.Kd1 fxg4 38.b3 Bd6 39.Re3 Rh3 40.Be1 Bf4 41.Rd3 Ke6 42.Ke2 Bg5 43.Bd2 Rh2+
44.Kd1 Bf6 45.Bf4 Kf5 46.Kc1 Rf2 47.Kd1 Rf3 48.Kc2 Ke4 49.Rd1 Bxd4 50.Re1+ Be3
51.Bc7 b5 52.Kc3 d4+ 53.Kb4 Rf5 54.Bb6 Kd3 55.Bc5 Bd2+  0-1

[Event "6th ch-PriFO Men"]
[Site "Kazan RUS"]
[Date "2008.01.31"]
[Round "9"]
[White "Mokshanov,A"]
[Black "Sokolov,Sergei"]
[Result "1/2-1/2"]
[WhiteElo "2135"]
[BlackElo "2356"]

1.e4 c5 2.Nf3 d6 3.Bb5+ Bd7 4.Bxd7+ Qxd7 5.O-O Nc6 6.c3 Nf6 7.Qe2 e6 8.d4 cxd4
9.cxd4 d5 10.e5 Ne4 11.Be3 Be7 12.Ne1 f6 13.f3 Ng5 14.Nd3 Nf7 15.f4 O-O 16.Nd2 Rac8
17.Rac1 b6 18.Nf3 f5 19.Bd2 Qb7 20.Qd1 Qa6 21.Qb3 Na5 22.Bxa5 Qxa5 23.a3 Qa6
24.Nd2 Rfe8 25.Rfd1 Bf8 26.Kf2 g5 27.g3 g4 28.Ke3 Nh8 29.Nf2 Ng6 30.h4 h5
31.Nd3 Kf7 32.Ne1 Be7 33.Ng2 b5 34.Qd3 Qb6 35.Rc2 Red8 36.Rdc1 Rc4 37.Nb1 Rdc8
38.b3 R4c6 39.Rxc6 Rxc6 40.Rxc6 Qxc6 41.Qc3 Qa6 42.Kf2 b4 43.axb4 Qb6 44.Ne3 Bxb4
45.Qd3 Ne7 46.Nc2 Nc6 47.Nc3 Bxc3 48.Qxc3 a5 49.Ke3 Ke7 50.Ne1 Kd7 51.Nd3 Ke7
52.Qc5+ Qxc5  1/2-1/2